Central Library OPAC University of Rajshahi

Papers and proceedings of a conference sponsored by the Library Association and the Royal Statistical Society and held on 5th July, 1965 / (Record no. 372)

MARC details
000 -LEADER
fixed length control field 00984nam a22002652a 4500
001 - CONTROL NUMBER
control field 372
003 - CONTROL NUMBER IDENTIFIER
rucl marc code BD-RjUL
005 - DATE AND TIME OF LATEST TRANSACTION
control field 20211208233151.0
008 - FIXED-LENGTH DATA ELEMENTS--GENERAL INFORMATION
fixed length control field 860101s1966 enk 000 0 eng d
035 ## - SYSTEM CONTROL NUMBER
System control number (BD-RjUL)389
040 ## - CATALOGING SOURCE
Original cataloging agency DLC
Transcribing agency IKM
Modifying agency OCL
-- UKM
-- EQO
Language of cataloging eng
041 ## - LANGUAGE CODE
Language code of text/sound track or separate title eng
082 ## - DEWEY DECIMAL CLASSIFICATION NUMBER
Classification number 026.33
Author mark and year PAP 1966
111 2# - MAIN ENTRY--MEETING NAME
Meeting name or jurisdiction name as entry element Conference on Librarian-Statistician Relations in the Field of Economic Statistics.
Date of meeting 1965.
Location of meeting London :
9 (RLIN) 1175
245 10 - TITLE STATEMENT
Title Papers and proceedings of a conference sponsored by the Library Association and the Royal Statistical Society and held on 5th July, 1965 /
Statement of responsibility, etc. edited by K. A. Mallaber
260 ## - PUBLICATION, DISTRIBUTION, ETC. (IMPRINT)
Place of publication, distribution, etc. London :
Name of publisher, distributor, etc. Library Association,
Date of publication, distribution, etc. 1966
300 ## - PHYSICAL DESCRIPTION
Pagination 138 p. :
Illustrations tables ;
Size 23 cm.
650 #0 - SUBJECT ADDED ENTRY--TOPICAL TERM
Topical term or geographic name as entry element Special libraries
9 (RLIN) 1176
700 1# - ADDED ENTRY--PERSONAL NAME
Personal name Mallaber, K. A.
Fuller form of name (Kenneth Aldridge).
710 2# - ADDED ENTRY--CORPORATE NAME
Corporate name or jurisdiction name as entry element Library Association.
9 (RLIN) 183
Corporate name or jurisdiction name as entry element Royal Statistical Society (Great Britain)
9 (RLIN) 1178
942 ## - ADDED ENTRY ELEMENTS (KOHA)
Source of classification or shelving scheme Dewey Decimal Classification
Koha item type Books
Holdings
Lost status Source of classification or shelving scheme Damaged status Not for loan Collection code Permanent Location Current Location Shelving location Date acquired Source of acquisition Cost, normal purchase price Total Checkouts Full call number Date last seen Copy number Koha item type
  Dewey Decimal Classification   Not For Loan Non-fiction Central Library, University of Rajshahi Central Library, University of Rajshahi   29/12/1970 Swets and Zeiling 40.00   026.33 PAP 1966 17/11/2013 C-1 Books